000 00634nam a2200205 a 4500
005 20240925064428.0
008 991125s1976 bue 000 0 spa u
020 _a9682409683
035 _aUPN01000043283
049 _aCG
050 4 _aBJ1471
_bG7.68
100 1 _aGründel, Johannes
245 1 4 _aLos padres en la formación de la conciencia infantil /
_cJohannes Gründel ; tr. Gregorio Weinberger.
260 _aBuenos Aires :
_bGuadalupe,
_c1976.
300 _a99 p.
440 0 _aProblemas del hombre. Escuela para padres
_pEscuela para padres
650 4 _aCONCIENCIA
650 4 _aPadres e hijos
_91360
905 _aLibro
999 _c43283
_d43283